000 00986nam a2200205Ia 4500
999 _c4935
_d4935
003 OSt
005 20200408144028.0
008 191128s9999 ck gr 000 0 spa d
040 _aCO-JMCR
_cCO-JMCR
041 0 _aspa
082 0 4 _a301.35 /
_bE74t
100 1 _aEscobar, Cristina,
_eautor
_92850
245 1 0 _aTrayectoria de la anuc /
_cCristina escobar
260 _aBogotá :
_bCINEP,
_c1982
300 _a177 páginas ;
_c21 cm.
505 _aAño 1966 -- Año 1967 -- Año 1968 -- Año 1969 -- Año 1970 -- Año 1971 -- Año 1972 -- Año 1973 -- Año 1974 -- Año 1975 -- Año 1976 -- Año 1977 -- Año 1978 -- Año 1979 -- Año 1980 -- Año 1981
520 _aLa recopilación cronológica de los pricipales avances de la historia de la Asociación Nacional de Usuario Campesinos de Colombia, recopilados en este libro, es un trabajo documental elaborado con el interés de contribuir a llenar un espacio de información
650 1 4 _aCampesinos ANUC
_92851
942 _2ddc
_cBK